[Event "Asian Continental-ch Open 2019"]
[Site "XingTai"]
[Date "2019.06.13"]
[Round "7.17"]
[White "Erigaisi Arjun"]
[Black "Bersamina, Paulo"]
[Result "1-0"]
[WhiteElo "2526"]
[BlackElo "2446"]
[Annotator "TA"]
[PlyCount "69"]
[EventDate "2019.06.06"]
[EventType "swiss"]
[EventCountry "CHN"]
[SourceTitle "playchess.com"]
[Source "ChessBase"]
[SourceQuality "1"]

{[%evp 9,69,93,80,81,73,59,144,144,198,198,202,191,208,212,206,171,260,187,266,209,217,212,347,194,187,50,168,160,155,158,172,172,167,174,199,192,196,204,200,61,64,62,145,131,233,222,414,312,316,273,450,420,442,416,1193,1193,1266,1225,29984,29983,29982,29981]} 1. d4 Nf6 2. Bg5 Ne4 3. Bf4 Nc6 4. f3 (4. Nd2 Nxd2 5. Qxd2 d5 6. e3 a6 7. Nf3 Bf5 8. Bd3 Bxd3 9. Qxd3 e6 10. O-O Bd6 11. Bxd6 cxd6 {1-0 (64) Sarana,A (2630)-Naroditsky,D (2616) chess.com INT 2019}) 4... g5 5. Bc1 Nd6 6. Bxg5 {A45: Trompowsky Attack} Rg8 7. Nh3 $146 ({Predecessor:} 7. Bh4 Nc4 8. c3 Ne3 9. Qd3 Nxg2+ 10. Bxg2 Rxg2 11. Bg3 e5 {1-0 (33) Stamenkovic,D (2383)-Molina,J (2187) Recife 2011}) 7... h6 ({Better is} 7... Nf5 $14) 8. Bc1 $16 {White is clearly better.} Nf5 (8... e5 $16 {was called for.}) 9. d5 $1 $18 {[%cal Rd5c6]} Ne5 10. e4 Nh4 11. f4 Ng4 12. g3 e5 (12... e6 {was necessary.} 13. Qe2 (13. gxh4 Qxh4+ 14. Ke2 Bc5 $18) 13... Bc5 14. gxh4 exd5) 13. dxe6 (13. gxh4 $6 Qxh4+ 14. Kd2 exf4 $16) 13... fxe6 (13... d5 $142 14. exf7+ (14. gxh4 Qxh4+ 15. Kd2 dxe4 $14) (14. exd5 fxe6 15. Nc3 exd5 $16) 14... Kxf7) 14. Qe2 ({Don't take} 14. gxh4 $6 Qxh4+ 15. Kd2 b6 $18) 14... b6 15. Nc3 a5 (15... Bb7 {keeps fighting.} 16. gxh4 Qxh4+ 17. Kd1 O-O-O) 16. gxh4 (16. Ng5 $142 hxg5 17. Qxg4 {[%mdl 64] Double Attack}) 16... Qxh4+ 17. Kd2 (17. Kd1 $18) 17... Bc5 ({Black should try} 17... Bb7 $1 $14) 18. Nb5 Kd8 19. c4 Ne3 20. Kd3 Nxf1 21. Qxf1 {aiming for Be3.} d5 {[#]} 22. Be3 $1 {[%cal Re3c5] Bxc5 is the strong threat.} ({And not} 22. cxd5 exd5 23. Kc2 c6 $17) 22... Bxe3 23. Kxe3 {Hoping for Rg1.} e5 24. cxd5 (24. Ng1 $18 c6 25. cxd5) 24... Bxh3 $14 25. Qf2 $1 $36 {[%cal Rf2h4][%mdl 2048] White is more active.} Qxf2+ (25... exf4+ $14 26. Qxf4 Qxf4+ 27. Kxf4 Rg4+ 28. Kf3 Kd7) 26. Kxf2 $16 Rg2+ {[#]} (26... Bd7 $16) 27. Kf3 $1 $18 {Black must now prevent Rhg1.} Kd7 $2 (27... Ke7 28. fxe5 (28. Nxc7 Rf8 $14) 28... Rf8+ 29. Ke3 Rff2) 28. fxe5 Rf8+ 29. Ke3 Rff2 $2 (29... c6) 30. Nd4 Rxb2 31. Rhf1 Rxh2 (31... Ke7 $142 32. e6 c5) 32. Rf7+ Kd8 33. e6 Rxa2 34. Rxa2 Rxa2 35. Nc6+ {Accuracy: White = 62%, Black = 33%.} 1-0

[Event "Asian Continental-ch Open 2019"]
[Site "XingTai"]
[Date "2019.06.14"]
[Round "8.1"]
[White "Sethuraman, S.P."]
[Black "Gupta, Abhijeet"]
[Result "1-0"]
[WhiteElo "2613"]
[BlackElo "2606"]
[Annotator "ChessBase"]
[PlyCount "145"]
[EventDate "2019.06.06"]
[EventType "swiss"]
[EventCountry "CHN"]
[SourceTitle "playchess.com"]
[Source "ChessBase"]
[SourceQuality "1"]
[TimeControl "40/5400+30:1800+30"]

1. d4 {[%emt 0:00:00]} Nf6 {[%emt 0:00:00]} 2. c4 {[%emt 0:00:04]} g6 {[%emt 0:00:00]} 3. Nc3 {[%emt 0:00:05]} d5 {[%emt 0:00:00]} 4. Bf4 {[%emt 0:00:07]} Bg7 {[%emt 0:00:01]} 5. e3 {[%emt 0:00:05]} O-O {[%emt 0:00:31]} 6. Rc1 {[%emt 0:00:10]} c5 {[%emt 0:05:11]} 7. dxc5 {[%emt 0:00:17]} Be6 {[%emt 0:03:20]} 8. Nf3 {[%emt 0:00:23]} Nc6 {[%emt 0:00:39]} 9. Be2 {[%emt 0:00:09]} dxc4 {[%emt 0:08:42]} 10. Ng5 {[%emt 0:32:10]} Nd5 {[%emt 0:02:25]} 11. Nxe6 {[%emt 0:11:39]} fxe6 {[%emt 0:00:08]} 12. Bxc4 {[%emt 0:00:16]} Bxc3+ {[%emt 0:01:52]} 13. bxc3 {[%emt 0:00:10]} Nxf4 {[%emt 0:00:04]} 14. exf4 {[%emt 0:00:08]} Qxd1+ {[%emt 0:01:38]} 15. Rxd1 {[%emt 0:00:11]} Rxf4 {[%emt 0:00:07]} 16. Bxe6+ {[%emt 0:00:05]} Kg7 {[%emt 0:00:02]} 17. O-O {[%emt 0:00:31]} Rd8 {[%emt 0:00:17]} 18. Bd5 {[%emt 0:10:44]} Na5 {[%emt 0:07:16]} 19. Rfe1 {[%emt 0:01:29]} Kf8 {[%emt 0:00:09]} 20. g3 {[%emt 0:06:19]} Rf6 {[%emt 0:00:08]} 21. h4 {[%emt 0:06:43]} Rd7 {[%emt 0:05:29]} 22. Be4 {[%emt 0:06:06]} Ke8 {[%emt 0:03:28]} 23. Rxd7 {[%emt 0:01:01]} Kxd7 {[%emt 0:00:04]} 24. Rd1+ {[%emt 0:00:05]} Kc7 {[%emt 0:00:12]} 25. Rd5 {[%emt 0:00:15]} Re6 {[%emt 0:07:41]} 26. f3 {[%emt 0:02:55]} Nc6 {[%emt 0:01:00]} 27. h5 {[%emt 0:02:55]} Ne5 {[%emt 0:03:50]} 28. hxg6 {[%emt 0:01:39]} hxg6 {[%emt 0:00:10]} 29. Kg2 {[%emt 0:04:40]} Nd7 {[%emt 0:02:30]} 30. Rg5 {[%emt 0:00:09]} Nf8 {[%emt 0:00:39]} 31. a4 {[%emt 0:08:22]} Ra6 {[%emt 0:01:55]} 32. Bc2 {[%emt 0:00:06]} Ra5 {[%emt 0:01:13]} 33. f4 {[%emt 0:00:26]} Nd7 {[%emt 0:04:32]} 34. c6 {[%emt 0:00:33]} Rxg5 {[%emt 0:00:11]} 35. fxg5 {[%emt 0:00:08]} Nf8 {[%emt 0:09:52]} 36. cxb7 {[%emt 0:00:07]} Kxb7 {[%emt 0:00:05]} 37. Kf3 {[%emt 0:01:08]} Kc6 {[%emt 0:00:03]} 38. Ke4 {[%emt 0:02:51]} Kc5 {[%emt 0:04:59]} 39. Bb3 {[%emt 0:01:42]} Nh7 {[%emt 0:01:14]} 40. Kf4 {[%emt 0:00:00]} Kd6 {[%emt 0:00:00]} 41. Bf7 {[%emt 0:03:24]} e5+ {[%emt 0:10:45]} 42. Kg4 {[%emt 0:04:24]} Nf8 {[%emt 0:00:08]} 43. Kf3 {[%emt 0:03:05]} Ke7 {[%emt 0:03:08]} 44. Bg8 {[%emt 0:00:04]} Nd7 {[%emt 0:01:07]} 45. Ke4 {[%emt 0:07:38]} Kd6 {[%emt 0:00:43]} 46. a5 {[%emt 0:04:08]} Nc5+ {[%emt 0:00:04]} 47. Ke3 {[%emt 0:00:11]} Nb7 {[%emt 0:02:44]} 48. Bf7 {[%emt 0:03:58]} Nxa5 {[%emt 0:00:08]} 49. Bxg6 {[%emt 0:00:05]} Nb7 {[%emt 0:00:51]} 50. Ke4 {[%emt 0:02:52]} Nc5+ {[%emt 0:06:14]} 51. Kf5 {[%emt 0:00:04]} a5 {[%emt 0:02:01]} 52. Bh5 {[%emt 0:02:54]} a4 {[%emt 0:04:48]} 53. g6 {[%emt 0:00:08]} Ne6 {[%emt 0:02:13]} 54. Bd1 {[%emt 0:00:23]} a3 {[%emt 0:00:44]} 55. Bb3 {[%emt 0:00:05]} Ng7+ {[%emt 0:00:55]} 56. Ke4 {[%emt 0:00:37]} Nh5 {[%emt 0:03:23]} 57. g4 {[%emt 0:00:33]} Ng7 {[%emt 0:00:05]} 58. Ba2 {[%emt 0:01:06]} Ne8 {[%emt 0:05:05]} 59. c4 {[%emt 0:02:05]} Ke6 {[%emt 0:01:22]} 60. c5+ {[%emt 0:01:00]} Kf6 {[%emt 0:00:03]} 61. Bf7 {[%emt 0:00:18]} Ng7 {[%emt 0:17:12]} 62. c6 {[%emt 0:01:09]} Ne8 {[%emt 0:00:19]} 63. g5+ {[%emt 0:00:27]} Kg7 {[%emt 0:01:01]} 64. Kxe5 {[%emt 0:00:04]} Nc7 {[%emt 0:00:27]} 65. Kd6 {[%emt 0:00:49]} Na6 {[%emt 0:00:12]} 66. Ke7 {[%emt 0:01:10]} Nb8 {[%emt 0:02:09]} 67. c7 {[%emt 0:00:13]} Nc6+ {[%emt 0:00:01]} 68. Kd6 {[%emt 0:00:25]} Na7 {[%emt 0:00:06]} 69. Kc5 {[%emt 0:00:22]} Nc8 {[%emt 0:00:17]} 70. Kb4 {[%emt 0:00:47]} Nd6 {[%emt 0:00:36]} 71. Kb3 {[%emt 0:00:35]} Kf8 {[%emt 0:01:34]} 72. Be6 {[%emt 0:00:13]} Kg7 {[%emt 0:00:05]} 73. Bf5 {[%emt 0:00:07]} 1-0

[Event "Asian Continental-ch Open 2019"]
[Site "XingTai"]
[Date "2019.06.14"]
[Round "8.2"]
[White "Karthikeyan, Murali"]
[Black "Jumabayev, Rinat"]
[Result "0-1"]
[WhiteElo "2593"]
[BlackElo "2625"]
[Annotator "TA"]
[PlyCount "92"]
[EventDate "2019.06.06"]
[EventType "swiss"]
[EventCountry "CHN"]
[SourceTitle "playchess.com"]
[Source "ChessBase"]
[SourceQuality "1"]

{[%evp 19,92,18,27,10,25,13,41,38,39,0,27,24,30,13,8,30,15,8,10,-160,-195,-182,-189,-258,-278,-279,-227,-230,-227,-220,-220,-211,-229,-217,-196,-204,-186,-184,-178,-212,-225,-218,-208,-332,-277,-318,-307,-305,-269,-320,-315,-336,-341,-343,-340,-560,-546,-585,-521,-613,-607,-607,-589,-874,-804,-955,-879,-6187,-813,-6187,-6187,-5297,-705,-5289,-2731]} 1. e4 e5 2. Nf3 Nc6 3. Bb5 a6 4. Ba4 d6 5. c3 Bd7 6. O-O g6 7. d4 Bg7 8. Bg5 f6 9. Be3 Nh6 10. dxe5 fxe5 11. c4 {C76: Ruy Lopez: Deferred Steinitz: 5 c3 Bd7 6 d4 g6} (11. h3 Qe7 12. c4 Nd8 13. Nc3 Bxa4 14. Qxa4+ c6 15. Rfd1 Nhf7 16. b4 O-O 17. b5 Bh6 18. bxc6 bxc6 {½-½ (47) Sivuk,V (2550)-Kryvoruchko,Y (2694) Israel 2018}) 11... Ng4 12. Bg5 Bf6 13. Bd2 {White is slightly better.} Bg7 14. Bg5 Nf6 (14... Bf6 {is interesting.}) 15. Nc3 O-O {[#]} 16. c5 $146 ({Predecessor:} 16. h3 Qe8 17. Re1 Nd4 18. Bxd7 Nxf3+ 19. Qxf3 Nxd7 20. Qg4 Nc5 {½-½ (52) Solodovnichenko,Y (2587)-Iskandarov,M (2464) Konya 2017}) 16... dxc5 17. Qb3+ Kh8 18. Qxb7 Nd4 19. Nxe5 $2 (19. Rad1 $11) 19... Bxa4 $17 20. Nxa4 {[#]} Rb8 $1 $36 {[%cal Rb8b7][%mdl 2048] White is under strong pressure.} 21. Qa7 (21. Nc6 $142 Rxb7 22. Nxd8) 21... Qe8 $19 {[%mdl 64] Double Attack} 22. Nxc5 Nb5 23. Qxb8 Qxb8 24. Ned7 Nxd7 25. Nxd7 Qe8 26. Nxf8 Qxf8 27. Rad1 {Black must now prevent Rd8.} Nd4 28. Be3 Qb4 29. Rfe1 Kg8 ({Don't go for} 29... Qxb2 $2 30. Rb1 $18) 30. b3 c5 31. Bd2 (31. h3 {keeps fighting.}) 31... Qb5 32. e5 Ne2+ 33. Kh1 Bxe5 34. Bh6 {and the idea Rd8+ leaves White hopeful.} Bd4 35. Rd2 Nc3 {Threatens to win with ...Ne4!} 36. h3 Kf7 37. Be3 $2 (37. Bg5) 37... Ne4 {Black is clearly winning.} 38. Rc2 {White wants to play Bxd4.} Qd3 39. Rc4 Bxe3 40. fxe3 h5 41. a3 Kg7 42. Rec1 Qxe3 43. b4 Ng3+ 44. Kh2 Ne2 45. Rd1 Qg3+ 46. Kh1 {[#]} Qb3 $1 {[%mdl 64] Double Attack. Accuracy: White = 41%, Black = 85%.} 0-1

[Event "Asian Continental-ch Open 2019"]
[Site "XingTai"]
[Date "2019.06.14"]
[Round "8.3"]
[White "Narayanan.S.L"]
[Black "Vidit, Santosh Gujrathi"]
[Result "1-0"]
[WhiteElo "2603"]
[BlackElo "2707"]
[Annotator "TA"]
[PlyCount "79"]
[EventDate "2019.06.06"]
[EventType "swiss"]
[EventCountry "CHN"]
[SourceTitle "playchess.com"]
[Source "ChessBase"]
[SourceQuality "1"]

{[%evp 20,79,41,39,24,31,44,40,56,59,52,40,45,42,56,42,47,37,29,27,23,19,23,22,14,0,58,50,44,46,50,43,47,39,164,164,159,155,246,233,219,224,219,216,247,23,93,57,62,65,52,58,52,43,29986,29987,29987,29988,29995,29989,29989,29990]} 1. e4 c5 2. Nc3 Nc6 3. Nge2 Nf6 4. d4 cxd4 5. Nxd4 e5 6. Ndb5 d6 7. Nd5 Nxd5 8. exd5 Ne7 9. c4 Ng6 10. Qa4 Bd7 11. Qb4 $1 Bf5 {B33: Sicilian: Pelikan and Sveshnikov Variations} 12. h4 h5 13. Bg5 {[#]} f6 $146 {White is slightly better.} ({Predecessor:} 13... Qb8 14. Qa4 Bd7 15. Qc2 Bxb5 16. cxb5 Be7 17. Bd3 Nf8 18. b6 Nd7 19. bxa7 Qxa7 {½-½ (71) Caruana,F (2819)-Carlsen,M (2845) Karlsruhe/Baden Baden 2019}) 14. Be3 a6 15. Nc3 Qd7 16. O-O-O Be7 17. Be2 Rc8 18. g3 e4 19. Kb1 Ne5 20. Qb3 Bg4 21. Bxg4 hxg4 22. c5 $36 {[%mdl 2048] White has good play.} dxc5 ({Better is} 22... f5 $1 $11) 23. d6 $1 $14 {[%cal Rd6e7]} c4 24. Qc2 $1 Bd8 25. Qxe4 {Hoping for Bf4.} O-O $1 26. h5 Re8 (26... Nd3 $14) 27. h6 $18 {Black must now prevent hxg7.} g5 28. Bd4 {Bxe5 is the strong threat.} Kh8 (28... Rc6 $16) 29. Qd5 $1 Nf3 30. Ne4 $1 Nxd4 31. Qxd4 Re5 {[#]} 32. Ka1 $2 (32. Rhe1 $1 $18) 32... Rc6 (32... Bb6 $11 {remains equal.} 33. Qxb6 (33. Nxf6 Bxd4 34. Nxd7 Re4 $11) 33... Rxe4) 33. Rhe1 {Threatens to win with Nxf6!} Bb6 34. Qc3 Ba5 35. Qxa5 Rxa5 36. Nxf6 Qd8 $2 {[%mdl 8192] [#]} (36... Qf7 $14 37. Re8+ Qxe8 38. Nxe8 Rc8) 37. Re7 $1 {[%csl Gf6][%cal Re7h7] White mates.} Rxa2+ 38. Kb1 {[%csl Gf6][%cal Re7h7]} Rc7 39. Re8+ Qxe8 40. Nxe8 {Accuracy: White = 61%, Black = 64%.} 1-0

[Event "Asian Continental-ch Open 2019"]
[Site "XingTai"]
[Date "2019.06.14"]
[Round "8.4"]
[White "Le, Quang Liem"]
[Black "Firouzja, Alireza"]
[Result "1-0"]
[WhiteElo "2694"]
[BlackElo "2682"]
[Annotator "TA"]
[PlyCount "77"]
[EventDate "2019.06.06"]
[EventType "swiss"]
[EventCountry "CHN"]
[SourceTitle "playchess.com"]
[Source "ChessBase"]
[SourceQuality "1"]

{[%evp 17,77,14,17,20,35,22,43,37,38,36,35,34,48,44,56,48,51,54,62,60,71,80,70,52,81,63,87,70,96,102,94,94,142,144,149,145,169,136,133,142,494,330,333,322,337,261,261,247,331,319,312,293,296,275,301,304,296,287,306,281,1003,716]} 1. e4 c5 2. Nf3 d6 3. Nc3 a6 4. g3 Nf6 5. Bg2 g6 6. O-O Bg7 7. d4 cxd4 8. Nxd4 O-O 9. h3 Nc6 10. Be3 {B91: Sicilian Najdorf: 6 g3} Nd7 11. a4 $146 ({Predecessor:} 11. b3 Nxd4 12. Bxd4 Bxd4 13. Qxd4 b6 14. Nd5 Bb7 {½-½ (40) Carlsen,M (2832)-Nakamura,H (2785) Stavanger 2017}) 11... Bxd4 12. Bxd4 {White is slightly better.} Nxd4 13. Qxd4 b6 14. Rad1 Bb7 15. f4 f6 16. h4 a5 17. Rfe1 Rc8 18. Bh3 Rc5 19. Qe3 $36 {[%mdl 2048] Black is under strong pressure.} Nb8 20. Nd5 Bxd5 21. exd5 f5 22. c3 Nd7 23. Qxe7 {aiming for Qe6+.} Nf6 24. Bf1 Qb8 25. Qe3 Kg7 26. Bb5 Kh6 27. Bc6 Rc4 28. Rd4 Rc5 $2 {[%mdl 8192]} (28... Rxd4 $16 {is more resistant.} 29. Qxd4 Qd8) 29. Qd3 Ne4 {[#]} 30. g4 $1 {[%mdl 512]} Qc8 (30... fxg4 31. Rdxe4) 31. g5+ Kg7 32. Kh2 h6 33. Rdxe4 fxe4 34. Qd4+ ({Weaker is} 34. Qxe4 Qg4 $14) (34. Rxe4 Qf5 $16) 34... Kh7 35. Rxe4 {[#] White wants to mate with Re7+.} Qf5 36. Kg3 Rf7 37. Re8 {[%csl Gd4][%cal Re8h8]} Rg7 {intending ...h5.} 38. Qe4 Qf7 $2 (38... Qxe4 39. Rxe4 hxg5) 39. Re6 {Accuracy: White = 79%, Black = 38%.} 1-0

[Event "Asian Continental-ch Open 2019"]
[Site "XingTai"]
[Date "2019.06.14"]
[Round "8.5"]
[White "Aryan Chopra"]
[Black "Adhiban, B.."]
[Result "1/2-1/2"]
[WhiteElo "2553"]
[BlackElo "2676"]
[Annotator "TA"]
[PlyCount "157"]
[EventDate "2019.06.06"]
[EventType "swiss"]
[EventCountry "CHN"]
[SourceTitle "playchess.com"]
[Source "ChessBase"]
[SourceQuality "1"]

{[%evp 18,157,13,-26,12,22,26,18,17,12,29,13,14,13,16,33,27,6,12,10,8,10,33,10,10,7,9,7,7,10,12,6,10,0,0,0,0,-6,-6,-6,-6,-6,-6,-6,0,0,0,0,0,0,0,0,0,0,0,-7,-7,-8,-8,-8,-8,-8,-8,-8,-8,-8,-8,-8,-8,-8,-8,-8,-8,-8,-8,-8,-8,-8,-8,-8,0,-8,0,-8,-8,-8,-8,-8,-8,-8,-7,-7,-7,-7,0,0,0,0,0,0,0,-7,-7,-7,0,-7,0,0,0,0,0,-8,-8,-8,0,0,0,0,0,0,0,0,0,0,0,-7,-7,-8,-8,-8,-8,-8,-8,-8,-8,-8,-8,-8,-8,-8,0,0]} 1. e4 e5 2. Nf3 Nc6 3. d4 exd4 4. Nxd4 Nf6 5. Nxc6 bxc6 6. e5 Qe7 7. Qe2 Nd5 8. c4 Ba6 9. b3 Qh4 10. a3 Nf4 {C45: Scotch Game} (10... Bc5 {with more complications.} 11. Qf3 Nb6 12. Bb2 Rb8 13. Bc3 O-O) 11. Qe4 Ng6 12. Qxh4 Nxh4 13. Nd2 Bb7 14. g3 c5 15. Rg1 (15. gxh4 Bxh1 16. f3 Be7 17. Kf2 Bxh4+ 18. Kg1 {1-0 (41) Navara,D (2732)-Azarov,S (2552) Czech Republic 2017}) 15... Nf3+ $146 ({Predecessor:} 15... Nf5 16. Bb2 O-O-O 17. O-O-O Re8 18. Bh3 {1-0 (29) Aizpurua,P (2099)-Bonilla,F (2188) Panama 2012}) 16. Nxf3 Bxf3 17. Bg2 Bxg2 18. Rxg2 Rb8 19. Rb1 d6 20. exd6 Bxd6 {The position is equal.} 21. Be3 Kd7 22. Kd2 Kc6 23. Kc2 h5 24. Rd1 h4 25. gxh4 Rxh4 26. Rxg7 f5 27. Rd3 Rxh2 28. Rg6 {b4! is the strong threat.} f4 {[%mdl 64] [#] Decoy} 29. Bxf4 Rxf2+ {[%mdl 64] Double Attack} 30. Bd2 a5 31. a4 Rh8 32. Rg1 Rh4 33. Rd1 Rd4 34. Rxd4 cxd4 $11 {[%mdl 4096] Endgame KRB-KRB} 35. Kd3 Rf3+ 36. Kxd4 Bc5+ 37. Ke4 Rxb3 38. Bxa5 Re3+ 39. Kf4 Ra3 40. Bd2 Rxa4 41. Rc1 Ra2 42. Be3 Ra3 43. Bxc5 Kxc5 {KR-KR} 44. Ke4 c6 45. Rc2 $1 Rb3 46. Rc1 Rh3 47. Rc2 Rh4+ 48. Kd3 $1 Rh3+ 49. Ke4 Rh4+ 50. Kd3 Rd4+ 51. Ke3 Rd1 52. Ke2 Rd6 53. Rc1 Kb4 54. c5 Rd5 55. Ke3 Kb3 56. Ke4 Kb2 57. Rc4 (57. Rh1 {looks sharper.} Rxc5 58. Kd3 Rc3+ 59. Kd4 c5+ 60. Kd5) 57... Ka3 58. Rc1 Kb3 59. Ke3 Kb4 60. Ke4 Kb5 61. Ke3 Rxc5 62. Rb1+ Kc4 63. Rc1+ Kd5 64. Ra1 Rc3+ 65. Kd2 Kd4 66. Ra4+ Rc4 67. Ra5 c5 68. Ra3 Rb4 69. Kc2 Rc4+ 70. Kd2 Kd5 71. Rc3 Rh4 72. Rg3 Kc4 73. Kc2 Rh2+ 74. Kc1 Kb4 75. Rg4+ c4 {[#] Threatens to win with ...Kb3.} 76. Rg3 Rf2 77. Rh3 Ra2 78. Rg3 c3 {White must now prevent ...Kb3.} 79. Rg8 {Accuracy: White = 69%, Black = 71%.} 1/2-1/2

[Event "Asian Continental-ch Open 2019"]
[Site "XingTai"]
[Date "2019.06.14"]
[Round "8.6"]
[White "Liu, Yan"]
[Black "Maghsoodloo, Parham"]
[Result "1/2-1/2"]
[WhiteElo "2504"]
[BlackElo "2665"]
[Annotator "TA"]
[PlyCount "75"]
[EventDate "2019.06.06"]
[EventType "swiss"]
[EventCountry "CHN"]
[SourceTitle "playchess.com"]
[Source "ChessBase"]
[SourceQuality "1"]

{[%evp 16,75,27,11,19,16,16,4,3,0,25,22,23,21,20,15,20,20,20,21,30,32,40,33,33,33,42,0,10,0,0,0,0,0,9,9,16,10,12,12,8,15,23,0,0,0,0,-4,0,0,0,0,0,0,0,0,0,0,0,0,0,0]} 1. d4 Nf6 2. Nf3 e6 3. c4 b6 4. g3 Ba6 5. b3 Bb7 6. Bg2 Bb4+ 7. Bd2 c5 8. O-O O-O 9. Bc3 Na6 {E15: Queen's Indian: 4 g3 sidelines, 4 g3 Ba6 and 4 g3 Bb7 early deviations} 10. Bb2 cxd4 11. Nxd4 Bxg2 12. Kxg2 Qc8 $146 ({Predecessor:} 12... Qc7 13. Nf3 Be7 14. Nc3 Nc5 15. Qd4 Qb7 16. Rfd1 Rfd8 17. Rac1 {½-½ (37) Aronian,L (2808)-Carlsen,M (2815) Monte Carlo 2011}) 13. a3 Be7 14. Nc3 Qb7+ 15. f3 Rfd8 16. e4 d6 17. Qe2 Nc5 18. b4 Ncd7 19. Rac1 Rac8 20. f4 Bf8 21. Nf3 a5 22. Rfe1 axb4 23. axb4 d5 24. e5 d4 (24... Ne4 {keeps more tension.} 25. Nxe4 dxe4 26. Qxe4 Qxe4 27. Rxe4 Bxb4 28. Rd4 Nc5) 25. exf6 dxc3 26. fxg7 Bxb4 27. Bxc3 Bxc3 28. Rxc3 Qc6 29. Qe4 (29. Kh3 {looks sharper.} b5 30. Nd4 Qc5 31. Nxb5 Qf5+ 32. Kg2) 29... Qxe4 {The position is equal.} 30. Rxe4 Nf6 31. Re2 b5 32. Ne5 Rd4 33. c5 Re4 34. Rb2 Nd5 35. Rcb3 b4 36. Nd3 Rb8 37. c6 Rc4 38. Nxb4 {Accuracy: White = 66%, Black = 72%.} 1/2-1/2

[Event "Asian Continental-ch Open 2019"]
[Site "XingTai"]
[Date "2019.06.14"]
[Round "8.7"]
[White "Nguyen, Ngoc Truong Son"]
[Black "Lalith Babu M R"]
[Result "1/2-1/2"]
[WhiteElo "2639"]
[BlackElo "2571"]
[Annotator "TA"]
[PlyCount "139"]
[EventDate "2019.06.06"]
[EventType "swiss"]
[EventCountry "CHN"]
[SourceTitle "playchess.com"]
[Source "ChessBase"]
[SourceQuality "1"]

{[%evp 18,139,24,16,18,15,16,14,18,11,14,7,10,8,13,0,5,0,0,0,11,0,19,12,35,33,63,56,56,62,93,95,105,118,116,123,127,116,125,123,121,146,154,148,140,112,124,112,116,110,116,116,116,116,116,116,116,116,106,116,112,116,110,113,136,151,159,117,117,116,130,130,151,151,125,89,153,154,167,167,114,59,59,59,59,59,59,59,59,59,59,59,59,59,59,0,59,59,100,100,165,165,165,137,137,137,137,137,137,137,137,137,137,137,137,137,137,0,137,137,137,137,137,0]} 1. d4 Nf6 2. c4 g6 3. Nc3 Bg7 4. e4 d6 5. Nf3 O-O 6. Be2 e5 7. O-O Nc6 8. dxe5 Nxe5 9. Nxe5 dxe5 10. Be3 c6 {E97: King's Indian: Classical Main Line (6...e5 7 0-0 Nc6): 8 Be3 and 8 d5 Ne7, not 9 Ne1} 11. Qa4 Be6 12. Rfd1 Nd7 $146 {The position is equal.} ({Predecessor:} 12... Qc7 13. b4 Nd7 14. c5 Rfe8 15. Qc2 Bf8 16. a3 Rad8 17. Na4 Nf6 {½-½ (37) Landa,K (2618)-Adhiban,B (2663) Stockholm 2016}) 13. Qb4 Qb8 14. Rd2 Re8 15. Rad1 Bf8 16. Qa5 b6 17. Qa4 Qc7 18. b4 a6 19. a3 $36 {[%mdl 2048] Black is under pressure.} Nf6 20. Qc2 Ng4 21. Bg5 h6 22. Bh4 g5 23. Bg3 h5 24. h3 Nf6 25. Qb2 h4 {[#]} 26. Nb5 $1 {[%mdl 512]} Qe7 (26... axb5 27. Bxe5) 27. Bxe5 Nxe4 28. Nc7 Bf5 {[#]} 29. Rd3 $1 ({Don't play} 29. Nxe8 $6 Rxe8 30. Bd4 Nxd2 $14) 29... Qxe5 30. Qxe5 Rxe5 31. Nxa8 {And now Re3 would win.} a5 32. Rb3 axb4 33. axb4 Nc3 34. Rxc3 Rxe2 35. Re3 ({But not} 35. Nxb6 Bxb4 36. Kf1 Ra2 $11) 35... Rxe3 36. fxe3 Bxb4 $16 {[%mdl 4096] Endgame KRN-KB} 37. Kf2 Bc5 38. Rd8+ Kg7 39. Rb8 Bd6 40. Rb7 Be4 41. Nxb6 Kf6 42. Na4 Ke6 43. Ra7 f6 44. Ra5 Bg3+ 45. Kg1 Kd6 46. Nc5 Bc2 (46... Bg6 $142) 47. Kf1 Be5 {[#]} 48. Ke2 $1 Bc3 49. Ra2 ({White should try} 49. Ra3 $16 Kxc5 50. Rxc3) 49... Kxc5 $14 50. Rxc2 Kxc4 {KR-KB} 51. Ra2 c5 52. Ra8 Be5 53. Rc8 Kb5 54. Kd3 Kb4 55. Rc6 {Hoping for Rb6+.} Kb5 56. Rc8 Kb4 $1 57. Ke4 {Black must now prevent Kd5.} c4 58. Kd5 Kc3 (58... c3 $16) 59. Rxc4+ $18 Kd3 60. e4 Ke3 61. Rc2 Kf4 62. Re2 Kg3 63. Ra2 Bf4 64. Ke6 Be5 65. Kf5 Bd4 66. Rd2 Be5 67. Ra2 Bd4 68. Re2 {White is clearly better.} Be5 69. Rd2 Ba1 70. Ra2 {Accuracy: White = 74%, Black = 71%.} (70. Rc2 $16) 1/2-1/2

[Event "Asian Continental-ch Open 2019"]
[Site "XingTai"]
[Date "2019.06.14"]
[Round "8.8"]
[White "Lu, Shanglei"]
[Black "Laylo, Darwin"]
[Result "1-0"]
[WhiteElo "2624"]
[BlackElo "2433"]
[Annotator "TA"]
[PlyCount "49"]
[EventDate "2019.06.06"]
[EventType "swiss"]
[EventCountry "CHN"]
[SourceTitle "playchess.com"]
[Source "ChessBase"]
[SourceQuality "1"]

{[%evp 11,85,68,62,70,68,60,60,50,58,42,52,46,53,53,60,55,45,47,54,68,74,58,39,20,87,88,118,78,50,78,106,43,0,0,0,0,0,0,0,0,0,0,99,34,87,0,0,-196,0,0,0,0,536,525,1655,1568,1129,1078,1812,1126,969,947,1798,1789,1657,1619,1314,1347,1329,1126,1627,1574,1442,1443,1171,1084]} 1. e4 d5 2. exd5 Qxd5 3. Nc3 Qd6 4. d4 Nf6 5. Nf3 a6 6. g3 Bg4 7. h3 $146 {B01: Scandinavian Defence} (7. Bg2 c6 8. O-O e6 9. Bf4 Qd8 10. h3 Bxf3 11. Qxf3 Bd6 12. Be5 Be7 13. g4 Nbd7 14. Bg3 O-O {½-½ (65) Pourramezanali,A (2529)-Tiviakov,S (2610) Bandar e Anzali 2019}) ({Predecessor:} 7. Bg2 Nc6 8. O-O O-O-O 9. h3 Bh5 10. Bf4 Qb4 11. g4 {1-0 (36) Hackman,P (2110)-Calvert,D (1982) Coventry 2015}) 7... Bh5 8. Bg2 Nc6 9. Bf4 {White is slightly better.} Qb4 10. g4 Bg6 11. O-O O-O-O {[%cal Rc6d4]} 12. a3 Qxb2 13. Qe1 $1 e6 $1 14. Ne5 Nd5 15. Nxd5 exd5 16. Nxc6 bxc6 17. Qa5 {[%csl Gf4][%cal Ra5c7]} (17. Bg5 $5 {[%cal Rg5d8]} Bd6 18. Bxd8 Rxd8 19. Qe3 $14) 17... Qb6 (17... Bd6 $1 $11 {remains equal.} 18. Qxa6+ Qb7 19. Qxb7+ Kxb7 20. Rfb1+ Ka7 21. Bxd6 Rxd6) 18. Qd2 $16 Bd6 19. Rab1 Bxf4 20. Qxf4 Qa5 21. h4 ({Better is} 21. g5 $16) 21... Bxc2 $14 22. g5 Bxb1 23. Rxb1 Qxa3 {aiming for ...Qd3.} 24. Qxf7 Rd7 25. Qf5 {Played: Qf7-e6} 1-0